Introduction to positive economics (Record no. 5640)

000 -LEADER
fixed length control field 00453nam a22001817a 4500
001 - CONTROL NUMBER
control field 5640
003 - CONTROL NUMBER IDENTIFIER
control field BD-DhUET
008 - FIXED-LENGTH DATA ELEMENTS--GENERAL INFORMATION
fixed length control field 141127b xxu||||| |||| 00| 0 eng d
040 ## - CATALOGING SOURCE
Transcribing agency 0
Modifying agency BD-DhUET
082 ## - DEWEY DECIMAL CLASSIFICATION NUMBER
Classification number 330
Item number LIP/1971
100 ## - MAIN ENTRY--PERSONAL NAME
Personal name Lipsey, Richard G.
245 ## - TITLE STATEMENT
Title Introduction to positive economics
250 ## - EDITION STATEMENT
Edition statement 3rd ed.
260 ## - PUBLICATION, DISTRIBUTION, ETC. (IMPRINT)
Name of publisher, distributor, etc. English Language Book
Place of publication, distribution, etc. Hampshire
Date of publication, distribution, etc. 1971
300 ## - PHYSICAL DESCRIPTION
Extent xx, 740 p.
Other physical details ill.
Dimensions 26 cm.
650 #0 - SUBJECT ADDED ENTRY--TOPICAL TERM
Topical term or geographic name as entry element Economics
942 ## - ADDED ENTRY ELEMENTS (KOHA)
Koha item type General Book
Holdings
Koha item type Piece designation (barcode) Not for loan Sublocation or collection (holding branch) Location (home branch) Withdrawn status Shelving location Date acquired Koha full call number Source of classification or shelving scheme Koha date last seen Copy number Koha normalized classification for sorting Price effective from Damaged status Koha collection Lost status
General Book23693 Central Library, BUETCentral Library, BUET Circulation section2014-11-27330/LIP/1971 2014-11-271330LIP19712014-11-27   
General Book23702 Central Library, BUETCentral Library, BUET Circulation section2014-11-27330/LIP/1971 2014-11-272330LIP19712014-11-27   
General Book23689 Central Library, BUETCentral Library, BUET Circulation section2015-01-27330/LIP/1971 2015-01-273330_000000000000000_LIP_19712015-01-27   
General Book23684 Central Library, BUETCentral Library, BUET Circulation section2015-01-27330/LIP/1971 2015-01-274330_000000000000000_LIP_19712015-01-27   
General Book23710 Central Library, BUETCentral Library, BUET Circulation section2015-01-27330/LIP/1971 2015-01-275330_000000000000000_LIP_19712015-01-27   
General Book23713 Central Library, BUETCentral Library, BUET Circulation section2015-01-27330/LIP/1971 2015-01-276330_000000000000000_LIP_19712015-01-27   
General Book23690 Central Library, BUETCentral Library, BUET Cataloging section2015-01-27330/LIP/1971 2015-01-277330_000000000000000_LIP_19712015-01-27   
General Book23698 Central Library, BUETCentral Library, BUET Circulation section2015-01-27330/LIP/1971 2015-01-278330_000000000000000_LIP_19712015-01-27   
General Book23685 Central Library, BUETCentral Library, BUET Circulation section2015-01-27330/LIP/1971 2015-01-279330_000000000000000_LIP_19712015-01-27   
General Book23712 Central Library, BUETCentral Library, BUET Circulation section2015-01-27330/LIP/1971 2015-01-2710330_000000000000000_LIP_19712015-01-27   
General Book23677 Central Library, BUETCentral Library, BUET Circulation section2015-01-28330/LIP/1971 2015-01-284330_000000000000000_LIP_19712015-01-28 Non Fiction 
General Book23706 Central Library, BUETCentral Library, BUET Circulation section2015-01-28330/LIP/1971 2015-01-2830330_000000000000000_LIP_19712015-01-28 Non Fiction 
General Book23705 Central Library, BUETCentral Library, BUET Circulation section2015-01-28330/LIP/1971 2015-01-2829330_000000000000000_LIP_19712015-01-28 Non Fiction 
General Book23680 Central Library, BUETCentral Library, BUET Circulation section2015-01-28330/LIP/1971 2015-01-2816330_000000000000000_LIP_19712015-01-28 Non Fiction 
General Book23691 Central Library, BUETCentral Library, BUET Circulation section2015-04-20330/LIP/1971 2015-04-2015330_000000000000000_LIP_19712015-04-20